[Event "1st FIDE OWCCCC Pools-East 2021"]
[Site "Online"]
[Date "2021.02.20"]
[Round "6.36"]
[White "Ammar, Rimsha"]
[Black "Bat-erdene, Sugar-erdene"]
[Result "0-1"]
[WhiteElo "936"]
[BlackElo "1763"]
[Annotator "NA"]
[PlyCount "102"]
[EventDate "2021.02.19"]
[EventType "team-tourn"]
[EventCountry "NET"]
[SourceTitle "playchess.com"]
[Source "ChessBase"]
[SourceQuality "1"]

1. b3 e6 2. c4 d5 3. d3 Nf6 4. Nd2 c6 5. e4 dxe4 6. dxe4 Bb4 7. a3 Bxd2+ 8. Bxd2 Nxe4 9. Bb4 Qxd1+ 10. Rxd1 a5 11. f3 axb4 12. fxe4 bxa3 13. Ra1 O-O 14. Nf3 Rd8 15. Be2 Nd7 16. Ng5 Nc5 17. b4 Nb3 18. Ra2 Nc1 19. Ra1 Nxe2 20. Kxe2 h6 21. Nf3 b5 22. Rhd1 Rxd1 23. Rxd1 Bb7 24. Ra1 bxc4 25. Nd4 e5 26. Nc2 a2 27. Kd2 Bc8 28. Kc3 Be6 29. Kb2 f5 30. exf5 Bxf5 31. Ne3 Be6 32. g4 Kf7 33. h4 Rb8 34. Kc3 Rd8 35. Rxa2 Rd3+ 36. Kc2 Rxe3 37. Ra7+ Kg6 38. h5+ Kh7 39. Rc7 Bd5 40. Kd2 Rg3 41. Re7 e4 42. Ke2 Rb3 43. Rb7 c5 44. b5 Bxb7 45. b6 Rd3 46. g5 hxg5 47. Kf2 c3 48. Ke2 c2 49. Kf2 c1=Q 50. h6 Qc2+ 51. Ke1 Rd1# 0-1

[Event "1st FIDE OWCCCC Pools-East 2021"]
[Site "Online"]
[Date "2021.02.20"]
[Round "6.36"]
[White "Tartaglia ciampi, Simone"]
[Black "Abu Bakr Mohamed, Mahmoud"]
[Result "0-1"]
[WhiteElo "932"]
[BlackElo "1669"]
[Annotator "NA"]
[PlyCount "52"]
[EventDate "2021.02.19"]
[EventType "team-tourn"]
[EventCountry "NET"]
[SourceTitle "playchess.com"]
[Source "ChessBase"]
[SourceQuality "1"]

1. e4 c6 2. d4 d5 3. exd5 cxd5 4. Nc3 Nc6 5. Nf3 Bg4 6. h3 Bh5 7. Qd3 Bxf3 8. gxf3 e6 9. Bf4 a6 10. O-O-O b5 11. Qe3 Nf6 12. Bd3 Qa5 13. a3 b4 14. axb4 Bxb4 15. Be2 O-O-O 16. Rhg1 Rhg8 17. Bg5 Be7 18. Kd2 Qb6 19. Na4 Qa5+ 20. Nc3 Qb6 21. Na4 Qb4+ 22. c3 Qxa4 23. Ra1 Qb3 24. Bxa6+ Kc7 25. c4 Qxb2+ 26. Kd3 Nb4# 0-1

[Event "1st FIDE OWCCCC Pools-East 2021"]
[Site "Online"]
[Date "2021.02.20"]
[Round "6.37"]
[White "Nasanjargal, Urtnasan"]
[Black "Kota, Ananth"]
[Result "1-0"]
[WhiteElo "2460"]
[BlackElo "1721"]
[Annotator "ChessBase"]
[PlyCount "93"]
[EventDate "2021.02.19"]
[EventType "team-tourn"]
[EventCountry "NET"]
[SourceTitle "playchess.com"]
[Source "ChessBase"]
[SourceQuality "1"]

1. Nf3 d6 2. d4 Nf6 3. c4 g6 4. Nc3 Bg7 5. g3 O-O 6. Bg2 c6 7. O-O Nbd7 8. Qc2 e5 9. Rd1 e4 10. Nxe4 Nxe4 11. Qxe4 Nf6 12. Qc2 Bf5 13. Qb3 Rb8 14. Bf4 Nh5 15. Bg5 Bf6 16. Bh6 Ng7 17. c5 Be6 18. Qa3 d5 19. Qxa7 Re8 20. Bf4 Rc8 21. Qxb7 Nh5 22. Bd6 Be7 23. Bxe7 Rxe7 24. Qb6 Nf6 25. Qxd8+ Rxd8 26. Ne5 Rc8 27. b4 Ne4 28. Bxe4 dxe4 29. Nxc6 Rxc6 30. d5 Rc8 31. dxe6 Rxe6 32. e3 f5 33. Rdc1 Rec6 34. a4 Kf7 35. a5 Ke6 36. a6 R6c7 37. b5 Rxc5 38. Rxc5 Rxc5 39. a7 Rxb5 40. a8=Q Re5 41. Qe8+ Kf6 42. Ra6+ Kg7 43. Qxe5+ Kf8 44. Qf6+ Ke8 45. Re6+ Kd7 46. Re7+ Kd8 47. Qf8# 1-0

[Event "1st FIDE OWCCCC Pools-East 2021"]
[Site "Online"]
[Date "2021.02.20"]
[Round "6.37"]
[White "Kazarian, Anna-Maja"]
[Black "Khrapko, Marharyta"]
[Result "1-0"]
[WhiteElo "2096"]
[BlackElo "2049"]
[Annotator "NA"]
[PlyCount "79"]
[EventDate "2021.02.19"]
[EventType "team-tourn"]
[EventCountry "NET"]
[SourceTitle "playchess.com"]
[Source "ChessBase"]
[SourceQuality "1"]

1. e4 c5 2. Nf3 Nc6 3. d4 cxd4 4. Nxd4 e5 5. Nb5 d6 6. N1c3 a6 7. Na3 Be7 8. Nc4 b5 9. Ne3 Nf6 10. f3 O-O 11. a4 b4 12. Ncd5 Nxd5 13. Nxd5 Bh4+ 14. g3 Bg5 15. Bg2 f5 16. O-O f4 17. Nxf4 Qb6+ 18. Kh1 exf4 19. Qd5+ Kh8 20. Qxg5 fxg3 21. Be3 Qc7 22. Qxg3 Ne5 23. f4 Ng4 24. Bd4 Rb8 25. h3 Nf6 26. e5 Ne8 27. Rad1 Qxc2 28. exd6 Qxa4 29. Rc1 Bd7 30. Rfe1 b3 31. Rcd1 Rg8 32. Re7 Bc6 33. Kh2 Rc8 34. Rd2 Bxg2 35. Qxg2 Qb4 36. d7 Qxe7 37. dxc8=Q Nf6 38. Qxg8+ Kxg8 39. Qa8+ Kf7 40. Qa7 1-0

[Event "1st FIDE OWCCCC Pools-East 2021"]
[Site "Online"]
[Date "2021.02.20"]
[Round "6.37"]
[White "Krejci, Martin"]
[Black "Fischer, Johannes"]
[Result "0-1"]
[WhiteElo "2074"]
[BlackElo "2264"]
[Annotator "NA"]
[PlyCount "54"]
[EventDate "2021.02.19"]
[EventType "team-tourn"]
[EventCountry "NET"]
[SourceTitle "playchess.com"]
[Source "ChessBase"]
[SourceQuality "1"]

1. e4 e6 2. d4 d5 3. e5 c5 4. c3 Nc6 5. Nf3 Qc7 6. a3 f6 7. exf6 Nxf6 8. Bd3 c4 9. Bc2 Bd6 10. O-O O-O 11. h3 Bd7 12. Bg5 Rae8 13. b4 cxb3 14. Bxb3 Ne4 15. Be3 Re7 16. Ng5 Nxg5 17. Bxg5 Ref7 18. Ra2 Bf4 19. Bxf4 Qxf4 20. c4 dxc4 21. Bxc4 Nxd4 22. Bd3 Bc6 23. Qh5 g6 24. Qd1 Nf3+ 25. gxf3 Qg5+ 26. Kh2 Bxf3 27. Rg1 Qe5+ 0-1

[Event "1st FIDE OWCCCC Pools-East 2021"]
[Site "Online"]
[Date "2021.02.20"]
[Round "6.37"]
[White "Poslusny, Martin"]
[Black "Ayyad, Maher"]
[Result "0-1"]
[WhiteElo "1917"]
[BlackElo "2064"]
[Annotator "NA"]
[PlyCount "106"]
[EventDate "2021.02.19"]
[EventType "team-tourn"]
[EventCountry "NET"]
[SourceTitle "playchess.com"]
[Source "ChessBase"]
[SourceQuality "1"]

1. d4 d5 2. Nf3 Nf6 3. c4 e6 4. Nc3 c6 5. cxd5 exd5 6. a3 Nbd7 7. Qc2 Be7 8. h3 O-O 9. Bg5 Re8 10. e3 Nf8 11. Be2 Ng6 12. Bd3 Ne4 13. Bxe7 Qxe7 14. Bxe4 dxe4 15. Nd2 f5 16. b4 a6 17. Rc1 Be6 18. Nb3 f4 19. Nc5 fxe3 20. fxe3 Rf8 21. Nxe6 Qxe6 22. Qa2 Qxa2 23. Nxa2 Nh4 24. Rc2 a5 25. Rf1 Rxf1+ 26. Kxf1 axb4 27. axb4 Ra3 28. Kf2 Nf5 29. Re2 Nxe3 30. Rxe3 Rxa2+ 31. Kg3 Rb2 32. Rxe4 Rxb4 33. Re7 h6 34. Rd7 Kh7 35. d5 cxd5 36. Rxd5 Rb1 37. Rd7 b5 38. Rb7 b4 39. h4 Kg6 40. Rb6+ Kf5 41. Kf3 b3 42. Rb5+ Ke6 43. g4 Kd6 44. Ke2 b2 45. Kd2 Rh1 46. Rxb2 Rh2+ 47. Kc3 Rxb2 48. Kxb2 Ke5 49. g5 h5 50. Kc2 Kf4 51. Kd2 Kg4 52. Ke3 Kxh4 53. Kf4 g6 0-1

[Event "1st FIDE OWCCCC Pools-East 2021"]
[Site "Online"]
[Date "2021.02.20"]
[Round "6.37"]
[White "Neerudu, Raghu"]
[Black "Tzoumbas, Anastasios"]
[Result "0-1"]
[WhiteElo "1129"]
[BlackElo "2287"]
[Annotator "NA"]
[PlyCount "38"]
[EventDate "2021.02.19"]
[EventType "team-tourn"]
[EventCountry "NET"]
[SourceTitle "playchess.com"]
[Source "ChessBase"]
[SourceQuality "1"]

1. e4 d5 2. exd5 Qxd5 3. Nc3 Qd8 4. Bc4 Nf6 5. Nf3 e6 6. Ne5 Qd4 7. Qe2 Bd6 8. Nf3 Qg4 9. O-O O-O 10. d3 c6 11. Ne4 Nxe4 12. dxe4 b5 13. Bd3 e5 14. h3 Qh5 15. Qe3 f6 16. Be2 Qf7 17. b3 Be6 18. Nh4 Nd7 19. Re1 g6 0-1

[Event "1st FIDE OWCCCC Pools-East 2021"]
[Site "Online"]
[Date "2021.02.20"]
[Round "6.38"]
[White "Makropoulou, Marina"]
[Black "Chaturvedi, Muktansh"]
[Result "1-0"]
[WhiteElo "2186"]
[BlackElo "1494"]
[Annotator "NA"]
[PlyCount "103"]
[EventDate "2021.02.19"]
[EventType "team-tourn"]
[EventCountry "NET"]
[SourceTitle "playchess.com"]
[Source "ChessBase"]
[SourceQuality "1"]

1. e4 c6 2. c4 d6 3. d4 g6 4. Nc3 Bg7 5. Be3 Bd7 6. Qd2 c5 7. dxc5 dxc5 8. Bxc5 Nc6 9. Be3 Nf6 10. h3 O-O 11. Nf3 a6 12. Be2 Qc7 13. O-O Rad8 14. Nd5 Nxd5 15. cxd5 Ne5 16. Rac1 Nxf3+ 17. Bxf3 Qe5 18. b3 Bb5 19. Rfd1 Qb2 20. Qxb2 Bxb2 21. Rc7 Rd7 22. Rc2 Be5 23. a4 Bxa4 24. bxa4 b5 25. axb5 axb5 26. Rb1 Rb8 27. Bg4 Rdb7 28. f4 Bc7 29. Rbc1 Ba5 30. Bd4 h5 31. Rc8+ Bd8 32. Rxb8 Rxb8 33. Rc8 Rxc8 34. Bxc8 f6 35. Bc5 Ba5 36. Be6+ Kf8 37. Kf1 Bc3 38. Ke2 b4 39. Kd3 Be1 40. d6 exd6 41. Bxd6+ Kg7 42. Kc4 b3 43. Kxb3 Bf2 44. Kc4 Bb6 45. Kd5 Ba5 46. f5 g5 47. Bc5 Bc3 48. Bd4 Bd2 49. Kd6 Bf4+ 50. Ke7 g4 51. Bxf6+ Kh6 52. Bc4 1-0

[Event "1st FIDE OWCCCC Pools-East 2021"]
[Site "Online"]
[Date "2021.02.20"]
[Round "6.38"]
[White "Bohnhoff, Peter"]
[Black "Van Wijk, Peter"]
[Result "0-1"]
[WhiteElo "2078"]
[BlackElo "1930"]
[Annotator "NA"]
[PlyCount "66"]
[EventDate "2021.02.19"]
[EventType "team-tourn"]
[EventCountry "NET"]
[SourceTitle "playchess.com"]
[Source "ChessBase"]
[SourceQuality "1"]

1. Nf3 c5 2. c4 Nc6 3. Nc3 g6 4. e3 Bg7 5. d4 d6 6. d5 Ne5 7. Nxe5 Bxe5 8. Bd3 e6 9. O-O exd5 10. cxd5 Bg7 11. f4 Nf6 12. Kh1 O-O 13. e4 a6 14. a4 Ng4 15. g3 Re8 16. Qf3 h5 17. h3 Nh6 18. Kg2 f5 19. Bd2 fxe4 20. Bxe4 Bf5 21. Rae1 Qd7 22. Rh1 Re7 23. Bxf5 Nxf5 24. Rxe7 Qxe7 25. Re1 Qd7 26. Qe4 Nd4 27. Qe7 Rd8 28. Qxd7 Rxd7 29. Be3 Nc2 30. Bd2 Nxe1+ 31. Bxe1 Bxc3 32. Bxc3 b5 33. axb5 axb5 0-1

[Event "1st FIDE OWCCCC Pools-East 2021"]
[Site "Online"]
[Date "2021.02.20"]
[Round "6.38"]
[White "Stock, Ulrich"]
[Black "Hansen, Martin Hoj"]
[Result "1/2-1/2"]
[WhiteElo "2032"]
[BlackElo "1861"]
[Annotator "NA"]
[PlyCount "140"]
[EventDate "2021.02.19"]
[EventType "team-tourn"]
[EventCountry "NET"]
[SourceTitle "playchess.com"]
[Source "ChessBase"]
[SourceQuality "1"]

1. e4 e5 2. f4 exf4 3. Nf3 Be7 4. Nc3 Bh4+ 5. Ke2 Be7 6. d4 d6 7. Bxf4 Nf6 8. Qd3 Bg4 9. Re1 Nc6 10. a3 Qd7 11. Kd2 O-O-O 12. Kc1 Rhe8 13. d5 Ne5 14. Bxe5 dxe5 15. Nxe5 Qd6 16. Nxf7 Qf4+ 17. Kb1 Rd7 18. g3 Qf3 19. Be2 Qxd3 20. cxd3 Bxa3 21. Bxg4 Nxg4 22. Ng5 Bb4 23. Ne6 Nf2 24. Rhf1 Nxd3 25. Re3 Ne5 26. h3 c6 27. g4 cxd5 28. Nxd5 Rxe6 29. Nxb4 Rd4 30. Nd5 Kd7 31. Rc1 Rc6 32. Rec3 Rxc3 33. Rxc3 Rc4 34. Rxc4 Nxc4 35. Kc2 Ne3+ 36. Kd3 Ng2 37. b3 Nh4 38. Ke3 Ng6 39. Kd4 Ne7 40. Nxe7 Kxe7 41. Kd5 Kd7 42. b4 a6 43. e5 b6 44. g5 a5 45. b5 a4 46. Kc4 Ke6 47. Kb4 Kxe5 48. Kxa4 Kf4 49. h4 Kg4 50. Kb4 Kxh4 51. Kc4 Kxg5 52. Kd5 h5 53. Kc6 h4 54. Kxb6 h3 55. Kc7 h2 56. b6 h1=Q 57. b7 Qc1+ 58. Kd8 Qb2 59. Kc7 Qc3+ 60. Kd8 Qb4 61. Kc8 Qc5+ 62. Kd8 Qb6+ 63. Kc8 Qc6+ 64. Kb8 Kf6 65. Ka7 Qa4+ 66. Kb6 Qb4+ 67. Kc7 Qc5+ 68. Kb8 Ke7 69. Ka8 Qa5+ 70. Kb8 Kd7 1/2-1/2

[Event "1st FIDE OWCCCC Pools-East 2021"]
[Site "Online"]
[Date "2021.02.20"]
[Round "6.38"]
[White "Binzaiman, Ayman"]
[Black "Kamenik, David"]
[Result "0-1"]
[WhiteElo "1463"]
[BlackElo "1802"]
[Annotator "NA"]
[PlyCount "84"]
[EventDate "2021.02.19"]
[EventType "team-tourn"]
[EventCountry "NET"]
[SourceTitle "playchess.com"]
[Source "ChessBase"]
[SourceQuality "1"]

1. e4 d5 2. e5 c5 3. Nf3 Nc6 4. Bb5 Bd7 5. d3 d4 6. O-O g6 7. Bc4 e6 8. a3 Bg7 9. Bf4 Nge7 10. Qe2 O-O 11. c3 Qb6 12. b4 dxc3 13. Nxc3 cxb4 14. Nb5 a6 15. Be3 Qd8 16. Nd6 Rb8 17. a4 a5 18. Qd2 Nxe5 19. Nxe5 Bxe5 20. Rae1 Bxd6 21. Bh6 Nf5 22. Bg5 Be7 23. f4 Bxg5 24. fxg5 Bxa4 25. g4 Qd4+ 26. Kh1 Bc6+ 27. Qg2 Bxg2+ 28. Kxg2 Ne3+ 29. Rxe3 Qxe3 30. Rf3 Qxf3+ 31. Kxf3 b5 32. Ke2 bxc4 33. dxc4 b3 34. Kd3 b2 35. Kd4 b1=Q 36. h4 Qd1+ 37. Ke5 Qe2+ 38. Kf6 Qf3+ 39. Ke7 Rfe8+ 40. Kd6 Rbd8+ 41. Ke5 Qxg4 42. c5 Qf5# 0-1

[Event "1st FIDE OWCCCC Pools-East 2021"]
[Site "Online"]
[Date "2021.02.20"]
[Round "6.38"]
[White "Nitnaware, Maheswata"]
[Black "buyanbat"]
[Result "0-1"]
[WhiteElo "761"]
[BlackElo "1835"]
[Annotator "NA"]
[PlyCount "30"]
[EventDate "2021.02.19"]
[EventType "team-tourn"]
[EventCountry "NET"]
[SourceTitle "playchess.com"]
[Source "ChessBase"]
[SourceQuality "1"]

1. e4 e5 2. Nf3 Nc6 3. Bb5 Nf6 4. Bd3 Bc5 5. O-O d6 6. Nc3 O-O 7. Na4 Bb6 8. Bb5 Bg4 9. d3 Nd4 10. c3 Nxf3+ 11. gxf3 Bh3 12. Bg5 h6 13. Bxf6 Qxf6 14. f4 Qg6+ 15. Kh1 Qg2# 0-1

[Event "1st FIDE OWCCCC Pools-East 2021"]
[Site "Online"]
[Date "2021.02.20"]
[Round "6.39"]
[White "Bayarsaikhan, Chimedlkham"]
[Black "Raghava Madhavan"]
[Result "1-0"]
[WhiteElo "1923"]
[BlackElo "1546"]
[Annotator "NA"]
[PlyCount "143"]
[EventDate "2021.02.19"]
[EventType "team-tourn"]
[EventCountry "NET"]
[SourceTitle "playchess.com"]
[Source "ChessBase"]
[SourceQuality "1"]

1. e4 e5 2. Nf3 Nc6 3. Bc4 Bc5 4. d3 Nf6 5. O-O O-O 6. Bg5 h6 7. Bh4 Be7 8. Nc3 a6 9. h3 d6 10. Bxf6 Bxf6 11. Nd5 Be6 12. c3 Na5 13. Nxf6+ Qxf6 14. Bxe6 Qxe6 15. Re1 c5 16. d4 cxd4 17. cxd4 Qe7 18. b3 b6 19. Rc1 Rac8 20. d5 Rc7 21. Nh4 Rxc1 22. Qxc1 Qxh4 23. Qc7 Qd8 24. Rc1 Re8 25. Qa7 Qa8 26. Qd7 Rd8 27. Qe7 Re8 28. Qxd6 Nb7 29. Qxb6 Qb8 30. Qxa6 Nd6 31. f3 Qb4 32. Qe2 Ra8 33. Rc2 Nb5 34. a4 Nd4 35. Qc4 Qe1+ 36. Kh2 Nxc2 37. Qxc2 Kh7 38. d6 Qe3 39. d7 Rd8 40. Qc7 Qg5 41. a5 Qe7 42. a6 Rxd7 43. Qc3 Ra7 44. Qd3 Qd7 45. Qc4 Qc7 46. Qd3 Qb7 47. axb7 Rxb7 48. Qd5 Re7 49. b4 f6 50. b5 h5 51. Qd6 Ra7 52. b6 Ra6 53. Qc7 Ra2 54. b7 Rb2 55. b8=Q Rxb8 56. Qxb8 Kg6 57. g3 Kh6 58. Qh8+ Kg6 59. f4 exf4 60. gxf4 Kf7 61. Qxh5+ Ke6 62. e5 f5 63. Qg6+ Kd5 64. Qxg7 Ke4 65. Kg3 Kd5 66. Qd7+ Ke4 67. Qc6+ Kd4 68. e6 Ke3 69. e7 Kd2 70. e8=Q Kd3 71. Qed7+ Ke3 72. Qce6# 1-0

[Event "1st FIDE OWCCCC Pools-East 2021"]
[Site "Online"]
[Date "2021.02.20"]
[Round "6.39"]
[White "Smajzrova, Veronika"]
[Black "Akhlaghi, Olfat"]
[Result "1-0"]
[WhiteElo "1858"]
[BlackElo "808"]
[Annotator "NA"]
[PlyCount "105"]
[EventDate "2021.02.19"]
[EventType "team-tourn"]
[EventCountry "NET"]
[SourceTitle "playchess.com"]
[Source "ChessBase"]
[SourceQuality "1"]

1. e4 e5 2. Nf3 d6 3. Bc4 Bg4 4. O-O Nc6 5. c3 a6 6. h3 Bh5 7. d3 h6 8. Nbd2 Be7 9. Re1 b5 10. Bd5 Qd7 11. Nf1 Rb8 12. Ng3 Bg6 13. d4 Nf6 14. Bxc6 Qxc6 15. dxe5 dxe5 16. Nxe5 Qe6 17. Nxg6 fxg6 18. Bf4 Rc8 19. Qc2 Nh5 20. Nxh5 gxh5 21. Rad1 O-O 22. Bh2 Bc5 23. Rf1 Rf7 24. Kh1 Rcf8 25. f4 Re8 26. Rde1 Qc6 27. f5 Bd6 28. e5 Bc5 29. e6 Rff8 30. Qb3 Be7 31. Be5 Bf6 32. e7+ Rf7 33. Bxf6 gxf6 34. Rf3 Rexe7 35. Rxe7 Qc4 36. Qxc4 bxc4 37. Rxf7 Kxf7 38. Rf4 Ke7 39. Rxc4 Kd7 40. Ra4 Kd6 41. Rxa6+ Ke5 42. Rc6 Kxf5 43. a4 Ke4 44. a5 Kd5 45. Rxc7 Kd6 46. Rc4 Kd5 47. b3 f5 48. a6 Kd6 49. a7 f4 50. a8=Q f3 51. Qc6+ Ke5 52. Rc5+ Kf4 53. Qxf3# 1-0

[Event "1st FIDE OWCCCC Pools-East 2021"]
[Site "Online"]
[Date "2021.02.20"]
[Round "6.39"]
[White "Madsen, Per"]
[Black "DieZeit-MalteTurski"]
[Result "1/2-1/2"]
[WhiteElo "1676"]
[BlackElo "1626"]
[Annotator "NA"]
[PlyCount "53"]
[EventDate "2021.02.19"]
[EventType "team-tourn"]
[EventCountry "NET"]
[SourceTitle "playchess.com"]
[Source "ChessBase"]
[SourceQuality "1"]

1. c4 c5 2. g3 g6 3. Bg2 Bg7 4. Nc3 e6 5. d3 a6 6. e3 Ne7 7. Nge2 O-O 8. O-O d5 9. cxd5 Nxd5 10. Rb1 Nc6 11. a3 Rb8 12. Na4 Qd6 13. Qc2 b6 14. Bd2 Bd7 15. Rfc1 Rfc8 16. b3 Nce7 17. Qa2 Bxa4 18. bxa4 Qd7 19. Qc2 h6 20. Nc3 Nxc3 21. Bxc3 Nd5 22. Bxg7 Kxg7 23. Rb2 Qd6 24. Rb3 Qd7 25. Rb2 Qd6 26. Rb3 Qd7 27. Rb2 1/2-1/2

[Event "1st FIDE OWCCCC Pools-East 2021"]
[Site "Online"]
[Date "2021.02.20"]
[Round "6.39"]
[White "Huijsdens, Leon"]
[Black "Heer, Stephan"]
[Result "0-1"]
[WhiteElo "1350"]
[BlackElo "2063"]
[Annotator "NA"]
[PlyCount "70"]
[EventDate "2021.02.19"]
[EventType "team-tourn"]
[EventCountry "NET"]
[SourceTitle "playchess.com"]
[Source "ChessBase"]
[SourceQuality "1"]

1. d4 c5 2. d5 e5 3. e4 d6 4. Nc3 Be7 5. g3 Bg5 6. Bg2 Nh6 7. Nge2 Bxc1 8. Qxc1 O-O 9. O-O f5 10. exf5 Nxf5 11. Ne4 h6 12. c3 Qe7 13. Qd2 Nd7 14. a4 b6 15. a5 Nf6 16. axb6 a6 17. Nc1 Rb8 18. Nb3 Rxb6 19. Na5 Bd7 20. Nxf6+ Qxf6 21. b4 cxb4 22. cxb4 Rfb8 23. Rab1 Bb5 24. Rfc1 Nd4 25. Rc7 Rf8 26. Nc4 Rbb8 27. Rb2 Qd8 28. Ra7 Bxc4 29. Qe3 Bb5 30. Qe4 Rf6 31. Qg4 Qf8 32. Be4 Rc8 33. h4 Rc1+ 34. Kg2 Bf1+ 35. Kh2 Rxf2+ 0-1

[Event "1st FIDE OWCCCC Pools-East 2021"]
[Site "Online"]
[Date "2021.02.20"]
[Round "6.39"]
[White "Devaki Nandana"]
[Black "Kossiaras, Fotios"]
[Result "1-0"]
[WhiteElo "1159"]
[BlackElo "1461"]
[Annotator "NA"]
[PlyCount "83"]
[EventDate "2021.02.19"]
[EventType "team-tourn"]
[EventCountry "NET"]
[SourceTitle "playchess.com"]
[Source "ChessBase"]
[SourceQuality "1"]

1. e4 c5 2. Nf3 d6 3. d4 cxd4 4. Nxd4 Nf6 5. Nc3 a6 6. Bg5 e6 7. Bc4 Be7 8. f4 b5 9. Bb3 O-O 10. Qf3 Qc7 11. O-O-O Nc6 12. Qg3 Nxd4 13. Rxd4 Bb7 14. a3 e5 15. Bxf6 Bxf6 16. Rd3 exf4 17. Qxf4 h6 18. Kb1 Be5 19. Qe3 Bc6 20. g4 a5 21. g5 hxg5 22. Qxg5 a4 23. Ba2 b4 24. axb4 a3 25. b3 Bd7 26. Nd5 Qd8 27. Ne7+ Qxe7 28. Qxe7 Be6 29. Qg5 Rac8 30. Rg1 f5 31. exf5 Bxf5 32. Rd2 Rc3 33. Rdg2 g6 34. h4 Rf7 35. h5 Rfc7 36. hxg6 Bg7 37. Qc1 Re3 38. Qxe3 Be5 39. Rd2 Rc3 40. Qf2 Be6 41. Qh4 Rc7 42. Qd8+ 1-0

[Event "1st FIDE OWCCCC Pools-East 2021"]
[Site "Online"]
[Date "2021.02.20"]
[Round "6.40"]
[White "Alikapalli, Viswanatha"]
[Black "Battsengel, Uurtsaikhbaatar"]
[Result "0-1"]
[WhiteElo "1579"]
[BlackElo "1868"]
[Annotator "NA"]
[PlyCount "192"]
[EventDate "2021.02.19"]
[EventType "team-tourn"]
[EventCountry "NET"]
[SourceTitle "playchess.com"]
[Source "ChessBase"]
[SourceQuality "1"]

1. d4 Nf6 2. c4 d5 3. Nc3 g6 4. Bg5 Bg7 5. e3 O-O 6. Nf3 c5 7. dxc5 Na6 8. cxd5 Nxc5 9. Bc4 a6 10. O-O b5 11. Be2 Bb7 12. Qd4 Nfe4 13. Qb4 Nxg5 14. Qxc5 Nxf3+ 15. Bxf3 Rc8 16. Qb4 e6 17. Rad1 exd5 18. Nxd5 Bxd5 19. Bxd5 Qf6 20. b3 Rfd8 21. Qa5 Rb8 22. e4 Bf8 23. Rd3 Rd7 24. Rfd1 Kg7 25. Rf3 Qe5 26. Qc3 Qxc3 27. Rxc3 Bb4 28. Rc6 a5 29. h3 Re8 30. f3 Rde7 31. Rb6 Bc5+ 32. Kh1 Bxb6 33. a4 bxa4 34. bxa4 Bc5 35. Rc1 Bb4 36. Rc4 f5 37. g4 fxg4 38. hxg4 h5 39. gxh5 gxh5 40. Rc6 Rf8 41. Kg2 Re5 42. Rc7+ Kg6 43. Rc6+ Rf6 44. Rc8 Rg5+ 45. Kf2 Rxd5 46. exd5 Rd6 47. Rc6 Kf6 48. Ke3 Ke5 49. Rc8 Kxd5 50. Rh8 Re6+ 51. Kf2 Re5 52. f4 Rf5 53. Kf3 Bd6 54. Rd8 Rxf4+ 55. Ke3 Rxa4 56. Kd3 h4 57. Ke3 Re4+ 58. Kf3 a4 59. Rh8 a3 60. Ra8 Rc4 61. Kg2 Kd4 62. Kh3 Kc3 63. Kg2 Kb2 64. Kf3 a2 65. Kg2 a1=Q 66. Rxa1 Kxa1 67. Kh3 Kb2 68. Kg2 Kc2 69. Kh3 Kd3 70. Kg2 Ke4 71. Kh3 Kf5 72. Kg2 Kg4 73. Kh1 Rc1+ 74. Kg2 h3+ 75. Kf2 h2 76. Ke2 h1=R 77. Kd3 Rhd1+ 78. Ke2 Rd5 79. Ke3 Re1+ 80. Kf2 Re8 81. Kg2 Kf5 82. Kf3 Rd3+ 83. Kf2 Ba3 84. Kg2 Rd7 85. Kf3 Re1 86. Kf2 Bb4 87. Kf3 Rd3+ 88. Kf2 Re8 89. Kg2 Ke4 90. Kf2 Rd2+ 91. Kg3 Rf8 92. Kg4 Rd7 93. Kg5 Rg7+ 94. Kh6 Rg1 95. Kh7 Rf2 96. Kh6 Rh2# 0-1

[Event "1st FIDE OWCCCC Pools-East 2021"]
[Site "Online"]
[Date "2021.02.20"]
[Round "6.40"]
[White "Bond, Oliver"]
[Black "Hartog, Eduard"]
[Result "1-0"]
[WhiteElo "1514"]
[BlackElo "1375"]
[Annotator "NA"]
[PlyCount "37"]
[EventDate "2021.02.19"]
[EventType "team-tourn"]
[EventCountry "NET"]
[SourceTitle "playchess.com"]
[Source "ChessBase"]
[SourceQuality "1"]

1. d4 d5 2. Bf4 Nc6 3. e3 Bf5 4. Nf3 e6 5. a3 Be7 6. c4 Nf6 7. Nc3 O-O 8. h3 Bd6 9. Ne5 Be7 10. Nxc6 bxc6 11. c5 Rb8 12. b4 Ne4 13. Nxe4 Bxe4 14. f3 Bg6 15. Qa4 Bg5 16. g3 Bxf4 17. exf4 Qd7 18. h4 h6 19. Kd2 1-0

[Event "1st FIDE OWCCCC Pools-East 2021"]
[Site "Online"]
[Date "2021.02.20"]
[Round "6.40"]
[White "Moosa, Hamad"]
[Black "Langr, Petr"]
[Result "0-1"]
[WhiteElo "1361"]
[BlackElo "1538"]
[Annotator "NA"]
[PlyCount "136"]
[EventDate "2021.02.19"]
[EventType "team-tourn"]
[EventCountry "NET"]
[SourceTitle "playchess.com"]
[Source "ChessBase"]
[SourceQuality "1"]

1. e4 c6 2. Nc3 d5 3. d4 dxe4 4. Nxe4 Nf6 5. Nxf6+ exf6 6. Nf3 Be7 7. Bd3 Be6 8. O-O O-O 9. Bf4 Bd6 10. Bg3 Bxg3 11. fxg3 Nd7 12. Nh4 Nb6 13. Qh5 h6 14. Nf5 Bxf5 15. Qxf5 g6 16. Qf4 Kg7 17. h4 Nd5 18. Qf2 Qd6 19. c3 Rae8 20. h5 Ne3 21. Rfe1 Nd5 22. Rxe8 Rxe8 23. Re1 Rxe1+ 24. Qxe1 Qe7 25. Qxe7 Nxe7 26. g4 Nd5 27. g3 Ne3 28. Be2 gxh5 29. gxh5 f5 30. Kf2 Nd5 31. a4 Kf6 32. Bc4 Kg5 33. Be2 f4 34. g4 Nf6 35. Bc4 Nd5 36. Be2 f5 37. gxf5 Kxf5 38. c4 Nf6 39. b4 Ke4 40. b5 Kxd4 41. a5 cxb5 42. cxb5 b6 43. axb6 axb6 44. Kf3 Ke5 45. Kg2 Kf5 46. Kh3 Kg5 47. Bf3 Nxh5 48. Bxh5 Kxh5 49. Kg2 Kg5 50. Kf3 h5 51. Ke4 h4 52. Kd5 f3 53. Kc6 f2 54. Kxb6 f1=Q 55. Kb7 Qb1 56. b6 h3 57. Kc7 h2 58. b7 Qxb7+ 59. Kxb7 h1=Q+ 60. Kc7 Qh6 61. Kb7 Qd6 62. Ka7 Qc6 63. Kb8 Qd7 64. Ka8 Kf5 65. Kb8 Ke5 66. Ka8 Kd5 67. Kb8 Kc6 68. Ka8 Qb7# 0-1

[Event "1st FIDE OWCCCC Pools-East 2021"]
[Site "Online"]
[Date "2021.02.20"]
[Round "6.40"]
[White "Schein, Jutta"]
[Black "Buzak, Karolina"]
[Result "1/2-1/2"]
[WhiteElo "1126"]
[BlackElo "1281"]
[Annotator "NA"]
[PlyCount "81"]
[EventDate "2021.02.19"]
[EventType "team-tourn"]
[EventCountry "NET"]
[SourceTitle "playchess.com"]
[Source "ChessBase"]
[SourceQuality "1"]

1. c4 Nc6 2. Nc3 e5 3. g3 Bb4 4. Bg2 Qf6 5. e4 b6 6. Nge2 Bb7 7. Nd5 Qd6 8. O-O Nd4 9. Nxd4 exd4 10. d3 Bxd5 11. cxd5 Rd8 12. a3 Ne7 13. axb4 Ra8 14. Qe1 Qg6 15. f3 O-O 16. Bf4 d6 17. g4 a5 18. b5 f6 19. h4 Qf7 20. Bh3 h6 21. Bg3 g5 22. h5 a4 23. Bf2 Nc8 24. Bxd4 Na7 25. Qb4 c5 26. bxc6 Rfc8 27. Rfc1 b5 28. Qxd6 Rf8 29. Qc5 Rac8 30. Qb4 Rc7 31. Qc5 Nc8 32. Qa3 f5 33. exf5 Qxd5 34. Bf2 Qxf3 35. Bg2 Qxg4 36. Qc3 Ne7 37. Qe5 Rcc8 38. Qe6+ Kg7 39. Bd4+ Qxd4+ 40. Kh1 Qh4+ 41. Kg1 1/2-1/2